<?xml version="1.0" encoding="UTF-8"?>
<record
    xmlns:xsi="http://www.w3.org/2001/XMLSchema-instance"
    xsi:schemaLocation="http://www.loc.gov/MARC21/slim http://www.loc.gov/standards/marcxml/schema/MARC21slim.xsd"
    xmlns="http://www.loc.gov/MARC21/slim">

  <leader>01018nam a2200265   4500</leader>
  <controlfield tag="001">114285</controlfield>
  <controlfield tag="003">DR-UNIBE</controlfield>
  <controlfield tag="005">20251210095651.0</controlfield>
  <controlfield tag="008">251208b1972    sp ||||| |||| 00| 1 spa d</controlfield>
  <datafield tag="040" ind1=" " ind2=" ">
    <subfield code="a">BIBLIOTECA UNIBE</subfield>
    <subfield code="b">spa</subfield>
    <subfield code="c">BIBLIOTECA UNIBE</subfield>
    <subfield code="e">rda</subfield>
  </datafield>
  <datafield tag="041" ind1=" " ind2=" ">
    <subfield code="a">spa</subfield>
  </datafield>
  <datafield tag="090" ind1=" " ind2=" ">
    <subfield code="a">FBIU - EL LI SA194L</subfield>
  </datafield>
  <datafield tag="100" ind1="1" ind2="0">
    <subfield code="a">Sandler,  Micheline,</subfield>
    <subfield code="d">1918-2012</subfield>
    <subfield code="q">(Micheline Marcelle Bardel), </subfield>
    <subfield code="9">201339</subfield>
    <subfield code="e">autor</subfield>
  </datafield>
  <datafield tag="245" ind1="1" ind2="3">
    <subfield code="a">La lechuza que quiso ver el sol  /</subfield>
    <subfield code="c">Michel Sandler ; ilustraciones : Paul Durand</subfield>
  </datafield>
  <datafield tag="246" ind1=" " ind2=" ">
    <subfield code="a">La Chouette qui voilait voir le jour</subfield>
  </datafield>
  <datafield tag="250" ind1=" " ind2=" ">
    <subfield code="a">Primera edici&#xF3;n</subfield>
  </datafield>
  <datafield tag="260" ind1=" " ind2=" ">
    <subfield code="a">Bilbao</subfield>
    <subfield code="b">Editorial Laida, </subfield>
    <subfield code="c">1972</subfield>
  </datafield>
  <datafield tag="300" ind1=" " ind2=" ">
    <subfield code="a">[Sin p&#xE1;ginas] :</subfield>
    <subfield code="b">ilustraciones a color</subfield>
    <subfield code="c">32 x 22 cm</subfield>
  </datafield>
  <datafield tag="490" ind1=" " ind2=" ">
    <subfield code="a">Colecci&#xF3;n. Animales del bosque</subfield>
  </datafield>
  <datafield tag="653" ind1=" " ind2="7">
    <subfield code="a">Literatura infantil francesa</subfield>
  </datafield>
  <datafield tag="653" ind1=" " ind2="7">
    <subfield code="a">Lechuzas - Cuentos infantiles franceses</subfield>
  </datafield>
  <datafield tag="653" ind1=" " ind2="7">
    <subfield code="a">Gorriones  - Cuentos infantiles ffranceses</subfield>
  </datafield>
  <datafield tag="700" ind1=" " ind2="0">
    <subfield code="a">Durand, Paul,</subfield>
    <subfield code="d"> 1833-1922</subfield>
    <subfield code="q">(Durand-Ruel, Paul Marie-Joseph),</subfield>
    <subfield code="e">ilustrador</subfield>
    <subfield code="9">140218</subfield>
  </datafield>
  <datafield tag="942" ind1=" " ind2=" ">
    <subfield code="2">ddc</subfield>
    <subfield code="c">BK</subfield>
  </datafield>
  <datafield tag="999" ind1=" " ind2=" ">
    <subfield code="c">114285</subfield>
    <subfield code="d">114285</subfield>
  </datafield>
  <datafield tag="952" ind1=" " ind2=" ">
    <subfield code="0">0</subfield>
    <subfield code="1">0</subfield>
    <subfield code="2">ddc</subfield>
    <subfield code="7">1</subfield>
    <subfield code="8">FBIU</subfield>
    <subfield code="a">Principal</subfield>
    <subfield code="d">2025-10-11</subfield>
    <subfield code="l">0</subfield>
    <subfield code="o">FBIU-EL LI S217L</subfield>
    <subfield code="p">FBIU0913</subfield>
    <subfield code="r">2025-12-08 08:15:06</subfield>
    <subfield code="t">Ej.1</subfield>
    <subfield code="u">7</subfield>
    <subfield code="w">2025-12-08</subfield>
    <subfield code="y">BK-RES</subfield>
  </datafield>
</record>
